Motivačný program vo vybranom podniku bakalárska práca

Guardado en:
Detalles Bibliográficos
Autor principal: Pavlišová, Miroslava
Autor Corporativo: Fakulta podnikového manažmentu EU. Katedra manažmentu
Otros Autores: Jamnický, Peter
Formato: Libro
Lenguaje:eslovaco
Publicado: Bratislava 2014
Etiquetas: Agregar Etiqueta
Sin Etiquetas, Sea el primero en etiquetar este registro!

MARC

LEADER 00000nbm a2200000 4500
001 0189686
005 20170201093446.7
041 0 |a slo 
044 |a SK 
245 1 0 |a Motivačný program vo vybranom podniku  |b bakalárska práca  |c Miroslava Pavlišová ; školiteľ: Peter Jamnický 
264 1 |a Bratislava  |c 2014 
300 |a 55 s. 
100 1 |a Pavlišová, Miroslava 
700 1 |a Jamnický, Peter 
710 2 |a Fakulta podnikového manažmentu EU. Katedra manažmentu